LEADER 01333nam 2200457 450 001 9910159605603321 005 20200520144314.0 010 $a88-921-6417-1 035 $a(CKB)3710000001020650 035 $a(MiAaPQ)EBC4784126 035 $a(Au-PeEL)EBL4784126 035 $a(CaPaEBR)ebr11329297 035 $a(OCoLC)971365979 035 $a(EXLCZ)993710000001020650 100 $a20170120h20162016 uy 0 101 0 $aita 135 $aurcnu|||||||| 181 $2rdacontent 182 $2rdamedia 183 $2rdacarrier 200 10$aFabbisogno finanziario, equlibrio e redditivita? /$fAntonio Renzi, Gianluca Vagnani 210 1$aTorino, [Italy] :$cG. Giappichelli Editore,$d2016. 210 4$dİ2016 215 $a1 online resource (145 pages) 311 $a88-921-0682-1 320 $aIncludes bibliographical references. 606 $aFinance$xManagement 606 $aCrisis management 608 $aElectronic books. 615 0$aFinance$xManagement. 615 0$aCrisis management. 676 $a363.610681 700 $aRenzi$b Antonio$03771 702 $aVagnani$b Gianluca 801 0$bMiAaPQ 801 1$bMiAaPQ 801 2$bMiAaPQ 906 $aBOOK 912 $a9910159605603321 996 $aFabbisogno finanziario, equlibrio e redditivita?$92097362 997 $aUNINA LEADER 02130nam 2200481 450 001 9910704966503321 005 20210809142217.0 035 $a(CKB)5470000002446079 035 $a(OCoLC)1263186631 035 $a(EXLCZ)995470000002446079 100 $a20210809d2016 ua 0 101 0 $aeng 135 $aur||||||||||| 181 $ctxt$2rdacontent 182 $cc$2rdamedia 183 $acr$2rdacarrier 200 10$aLaboratory evaluation of energy recovery ventilators /$fprepared by D. Kosar, Gas Technology Institute for the Building America Partnership for Improved Residential Construction 210 1$aGolden, CO :$cU.S. Department of Energy, Energy Efficiency & Renewable Energy, Building Technologies Program,$d2016. 215 $a1 online resource (x, 30 pages) $ccolor illustrations 300 $a"November 2016." 300 $a"Prepared for the National Renewable Energy Laboratory on behalf of the U.S. Department of Energy's Building America Program, Office of Energy Efficiency and Renewable Energy." 300 $aNREL Technical Monitor: Stacey Rothgeb. 300 $a"DOE/GO-102016-4921." 320 $aIncludes bibliographical references (pages 26-27). 606 $aHeat recovery$xEquipment and supplies$xEvaluation 606 $aAir quality$xMeasurement 606 $aBuildings$xEnvironmental engineering 615 0$aHeat recovery$xEquipment and supplies$xEvaluation. 615 0$aAir quality$xMeasurement. 615 0$aBuildings$xEnvironmental engineering. 700 $aKosar$b Douglas$01414971 712 02$aGas Technology Institute. 712 02$aUnited States.$bDepartment of Energy.$bOffice of Energy Efficiency and Renewable Energy. 712 02$aBuilding America Partnership for Improved Residential Construction. 712 02$aNational Renewable Energy Laboratory (U.S.), 712 02$aBuilding America (Program : U.S.), 712 02$aBuilding Technologies Program (U.S.), 801 0$bGPO 801 1$bGPO 906 $aBOOK 912 $a9910704966503321 996 $aLaboratory evaluation of energy recovery ventilators$93515690 997 $aUNINA